Countries that were part of the Soviet Union - Statistics

General Stats
  • This quiz has been taken 359 times
  • The average score is 13 of 15
Answer Stats
Hint Answer % Correct
Ukraine
96%
Latvia
95%
Estonia
94%
Lithuania
94%
Belarus
92%
Georgia
92%
Armenia
90%
Turkmenistan
89%
Uzbekistan
89%
Kazakhstan
88%
Russia
88%
Azerbaijan
87%
Moldova
87%
Tajikistan
87%
Kyrgyzstan
81%
No matching quizzes found
Score Distribution
Percent of People with Each Score
Percentile by Number Answered
Your Score History
You have not taken this quiz